Dysphagia and the Child With Developmental Disabilities (Record no. 246809)

MARC details
000 -LEADER
fixed length control field 00539nam a2200193Ia 4500
008 - FIXED-LENGTH DATA ELEMENTS--GENERAL INFORMATION
fixed length control field 240913s9999||||xx |||||||||||||| ||und||
020 ## - INTERNATIONAL STANDARD BOOK NUMBER
International Standard Book Number 1-56593-089-4
082 ## - DEWEY DECIMAL CLASSIFICATION NUMBER
-- 618.928 N5
100 ## - MAIN ENTRY--PERSONAL NAME
Personal name Rosenthal,Susan R
245 #0 - TITLE STATEMENT
Title Dysphagia and the Child With Developmental Disabilities
250 ## - EDITION STATEMENT
Edition statement 1st
260 ## - PUBLICATION, DISTRIBUTION, ETC. (IMPRINT)
Date of publication, distribution, etc 1995
Name of publisher, distributor, etc Singular Publishing Group
500 ## - GENERAL NOTE
General note REFERENCE
650 ## - SUBJECT ADDED ENTRY--TOPICAL TERM
Topical term or geographic name as entry element Audiology Speech and Language Pathology
942 ## - ADDED ENTRY ELEMENTS (KOHA)
Item type Reference
Holdings
Withdrawn status Lost status Damaged status Permanent location Current location Shelving location Date acquired Source of acquisition Cost, normal purchase price Full call number Barcode Date last seen Koha item type
      CENTRAL LIBRARY, NOORUL ISLAM CENTRE FOR HIGHER EDUCATION CENTRAL LIBRARY, NOORUL ISLAM CENTRE FOR HIGHER EDUCATION   06/27/2019 The Standard Book Company, Bangalore 7339.64 618.928 N5 80450 09/13/2024 Reference
Visitors:
Copyright © 2024 Central Library NICHE.  All rights reserved.